Informe

Reforma administrativa, una forma legítima de lucha contra el subdesarrollo, en Panamá, plantea la necesidad de una reforma estructural administrativa del aparato de gobierno, para llegar al año 2000 con una administración descentralizado operada con control central./ACM

Kaydedildi:
Detaylı Bibliyografya
Müşterek Yazar: ICAP
Materyal Türü: Bilinmiyor
Baskı/Yayın Bilgisi: San José: ICAP
Konular:
Etiketler: Etiketle
Etiket eklenmemiş, İlk siz ekleyin!

MARC

LEADER 00000 a2200000 04500
001 19940
003
008 991231s d
040 |a CRAI/IIS  |c CRAI/IIS 
090 |a 081202  
110 |a ICAP  
245 |a Informe  
260 |a San José:   |b ICAP  
300 |a p. irreg.  
520 |a Reforma administrativa, una forma legítima de lucha contra el subdesarrollo, en Panamá, plantea la necesidad de una reforma estructural administrativa del aparato de gobierno, para llegar al año 2000 con una administración descentralizado operada con control central./ACM  
650 |a GOBIERNO  
650 |a ADMINISTRACION PUBLICA  
650 |a REFORMAS ADMINISTRATIVAS  
650 |a PUB. ICAP  
999 |c 2522  |d 2522